Skaut časopis pre skautov

Bibliographic Details
Previous Title:Skaut explorer
Other Authors: Suvák, Marián (Publishing director), Suváková, Martina (Publishing director)
Format: Journal
Language:Slovak
PhysicalDescription:zv. 24-26 cm
Online vydanie: Skaut (Online. 2006) ISSN 1337-0227
Published: Bratislava Slovenský skauting 2006-
ISSN:1336-9792
1336-7633
Subjects:

MARC

LEADER 00000cas a2200000 a 4500
001 vtls008943670
003 SK-MaSNL
005 20260513120032.0
008 160628c20069999xo qr|p 0 b0slo
022 |a 1336-9792 
035 |a (SVKBB03)vtls000054075 
040 |a SNK  |b slo  |c SNK  |d SVKBB  |d SAVUK  |e AACR2 
041 0 |a slo 
044 |a xo  |c SK 
072 7 |a 37  |x Výchova a vzdelávanie  |2 konspekt 
072 7 |a 796  |x Šport. Hry. Telesné cvičenia  |2 konspekt 
080 |a 379.8:061.213  |2 2011 
080 |a 796.5  |2 2011 
080 |a (051)-048.55  |2 2011 
080 |a 050  |2 2011 
210 0 |a Skaut  |b (Tlačené vyd., 2006) 
222 0 |a Skaut  |b (Tlačené vydanie. 2006) 
245 0 0 |a Skaut  |b časopis pre skautov 
260 |a Bratislava  |b Slovenský skauting  |c 2006- 
300 |a zv.  |c 24-26 cm 
310 |a 4x ročne  |b 2011- 
321 |a 10x ročne  |b 2006-2007 
321 |a 2x ročne  |b 2009-2010 
362 0 |a Roč. 7 (sept. 2006)-roč. 8, č. 10 (2007) ; jar 2009- 
500 |a Od r. 2009 formát 24 cm 
500 |a Podnázov od č. (febr. 2007)-(dec. 2007) : ozajstný skautský časopis 
500 |a Podnázov v tirážii do r. 2010- : časopis do stanu, klubovne i pod lavicu 
500 |a Časopis Skaut v r. 2008 prestal vychádzať, obnovené vydávanie v r. 2009 
500 |a V r. 2009 a 2010 vyšiel ako jarný a jesenný špeciál 
500 |a Šéfredaktor: ?-leto 2018, Marián Suvák ; zima 2018, Martina Suváková 
500 |a Evidenčné číslo: EV 4382/11 
515 |a Číslovanie roč. v r. 2006-2007 nadväzuje na predchádzajúci titul 
515 |a Niektoré čísla vychádzajú ako dvojčíslo 
530 |a Online vydanie: Skaut (Online. 2006) ISSN 1337-0227 
650 0 7 |a skauting  |2 SNKPH  |9 3238 
650 0 7 |a turistika  |2 SNKPH  |9 683 
655 7 |a špecializované časopisy  |2 SNKPH  |9 70509 
700 1 |a Suvák, Marián  |4 pbd  |9 267641 
700 1 |a Suváková, Martina  |4 pbd  |9 274305 
780 0 0 |t Skaut explorer  |x 1336-7633  |w vtls008420084 
910 |a snk 
910 |a savuk 
999 |c 9899  |d 11829 
952 |t č. jar-zima  |a SNK  |b SNK  |y PREZ  |7 0  |p 17A1522911  |o snkČSB 6169/24/2023 D1  |i snk2024/5271  |8 0  |0 0  |1 0  |4 0  |d 2024-04-02  |l 0  |r 2026-02-21 19:52:17  |w 2026-02-21 
952 |t č. jar-zima  |a SNK  |b SNK  |y PREZ  |7 0  |p 17A1522910  |o snkČSB 6169/23/2022 D1  |i snk2024/5270  |8 0  |0 0  |1 0  |4 0  |d 2024-04-02  |l 0  |r 2026-02-21 19:52:17  |w 2026-02-21 
952 |t č. jar-zima  |a SNK  |b SNK  |y PREZ  |7 0  |p 17A1522904  |o snkČSB 6169/22/2021  |i snk2024/5243  |8 0  |0 0  |1 0  |4 0  |d 2024-04-02  |l 0  |r 2026-02-21 19:52:26  |w 2026-02-21 
952 |t č. jar-zima  |a SNK  |b SNK  |y PREZ  |7 0  |p 17A1522905  |o snkČSB 6169/23/2022  |i snk2024/5246  |8 0  |0 0  |1 0  |4 0  |d 2024-04-02  |l 0  |r 2026-02-21 19:52:26  |w 2026-02-21 
952 |t č. jar-zima  |a SNK  |b SNK  |y PREZ  |7 0  |p 17A1522906  |o snkČSB 6169/24/2023  |i snk2024/5247  |8 0  |0 0  |1 0  |4 0  |d 2024-04-02  |l 0  |r 2026-02-21 19:52:29  |w 2026-02-21 
952 |t č. jar-zima  |a SNK  |b SNK  |y PREZ  |7 0  |p 17A1522907  |o snkČSB 6169/19/2019 D1  |i snk2024/5248  |8 0  |0 0  |1 0  |4 0  |d 2024-04-02  |l 0  |r 2026-02-21 19:52:29  |w 2026-02-21 
952 |t č. jar-zima  |a SNK  |b SNK  |y PREZ  |7 0  |p 17A1522908  |o snkČSB 6169/21/2020 D1  |i snk2024/5268  |8 0  |0 0  |1 0  |4 0  |d 2024-04-02  |l 0  |r 2026-02-21 19:52:29  |w 2026-02-21 
952 |t č. jar-zima  |a SNK  |b SNK  |y PREZ  |7 0  |p 17A1522909  |o snkČSB 6169/22/2021 D1  |i snk2024/5269  |8 0  |0 0  |1 0  |4 0  |d 2024-04-02  |l 0  |r 2026-02-21 19:52:29  |w 2026-02-21 
952 |t č. jar-zima  |a SNK  |b SNK  |y PREZ  |7 0  |p 17A1435755  |o snkČSB 6169/19/2019  |i snk2021/10592  |8 0  |0 0  |1 0  |4 0  |d 2021-08-19  |l 0  |r 2026-02-21 21:29:18  |w 2026-02-21 
952 |t č. jar-zima  |a SNK  |b SNK  |y PREZ  |7 0  |p 17A1435756  |o snkČSB 6169/21/2020  |i snk2021/10593  |8 0  |z Č. jeseň-zima je dvojčíslo  |0 0  |1 0  |4 0  |d 2021-08-19  |l 0  |r 2026-02-21 21:29:18  |w 2026-02-21 
952 |t č. sept.-dec.  |a SNK  |b SNK  |y PREZ  |7 0  |p 17A1100582  |o snkČSB 6169/7/2006  |i snk2016/16288  |8 0  |0 0  |1 0  |4 0  |d 2016-06-23  |l 0  |r 2026-02-21 21:47:21  |w 2026-02-21 
952 |t č. jan.-dec., + príl.  |a SNK  |b SNK  |y PREZ  |7 0  |p 17A1100575  |o snkČSB 6169/8/2007  |i snk2016/16290  |8 0  |z Príl. v č. feb. - 100 rokov skautingu  |0 0  |1 0  |4 0  |d 2016-06-23  |l 0  |r 2026-02-21 21:47:21  |w 2026-02-21 
952 |t č. sept.-dec.  |a SNK  |b SNK  |y PREZ  |7 0  |p 17A1100569  |o snkČSB 6169/7/2006 D1  |i snk2016/16292  |8 0  |0 0  |1 0  |4 0  |d 2016-06-23  |l 0  |r 2026-02-21 21:47:21  |w 2026-02-21 
952 |t č. jan.-dec., + príl.  |a SNK  |b SNK  |y PREZ  |7 0  |p 17A1100583  |o snkČSB 6169/8/2007 D1  |i snk2016/16293  |8 0  |z Príl. v č. feb. - 100 rokov skautingu  |0 0  |1 0  |4 0  |d 2016-06-23  |l 0  |r 2026-02-21 21:47:21  |w 2026-02-21 
952 |t č. jar,jeseň  |a SNK  |b SNK  |y PREZ  |7 0  |p 17A1100576  |o snkČSB 6169/2009  |i snk2016/16297  |8 0  |0 0  |1 0  |4 0  |d 2016-06-23  |l 0  |r 2026-02-21 21:47:21  |w 2026-02-21 
952 |t č. jar,jeseň  |a SNK  |b SNK  |y PREZ  |7 0  |p 17A1100577  |o snkČSB 6169/2009 D1  |i snk2016/16303  |8 0  |0 0  |1 0  |4 0  |d 2016-06-23  |l 0  |r 2026-02-21 21:47:21  |w 2026-02-21 
952 |t č. jar  |a SNK  |b SNK  |y PREZ  |7 0  |p 17A1100578  |o snkČSB 6169/2010 D1  |i snk2016/16306  |8 0  |0 0  |1 0  |4 0  |d 2016-06-23  |l 0  |r 2026-02-21 21:47:21  |w 2026-02-21 
952 |t č. jar  |a SNK  |b SNK  |y PREZ  |7 0  |p 17A1100579  |o snkČSB 6169/2010  |i snk2016/16308  |8 0  |0 0  |1 0  |4 0  |d 2016-06-23  |l 0  |r 2026-02-21 21:47:21  |w 2026-02-21 
952 |t č. jar-zima  |a SNK  |b SNK  |y PREZ  |7 0  |p 17A1100580  |o snkČSB 6169/2011  |i snk2016/16312  |8 0  |0 0  |1 0  |4 0  |d 2016-06-23  |l 0  |r 2026-02-21 21:47:21  |w 2026-02-21 
952 |t č. jar-zima, neúplné  |a SNK  |b SNK  |y PREZ  |7 0  |p 17A1100581  |o snkČSB 6169/2011 D1  |i snk2016/16313  |8 0  |z Chýba č. jar-leto  |0 0  |1 0  |4 0  |d 2016-06-23  |l 0  |r 2026-02-21 21:47:21  |w 2026-02-21 
952 |t č. jar-zima  |a SNK  |b SNK  |y PREZ  |7 0  |p 17A1100590  |o snkČSB 6169/2012  |i snk2016/16314  |8 0  |0 0  |1 0  |4 0  |d 2016-06-23  |l 0  |r 2026-02-21 21:47:21  |w 2026-02-21 
952 |t č. jar-zima, neúplné  |a SNK  |b SNK  |y PREZ  |7 0  |p 17A1100584  |o snkČSB 6169/2012 D1  |i snk2016/16316  |8 0  |z Chýba č. jeseň  |0 0  |1 0  |4 0  |d 2016-06-23  |l 0  |r 2026-02-21 21:47:21  |w 2026-02-21 
952 |t č. jar-zima  |a SNK  |b SNK  |y PREZ  |7 0  |p 17A1100585  |o snkČSB 6169/2013  |i snk2016/16317  |8 0  |0 0  |1 0  |4 0  |d 2016-06-23  |l 0  |r 2026-02-21 21:47:21  |w 2026-02-21 
952 |t č. jar-zima  |a SNK  |b SNK  |y PREZ  |7 0  |p 17A1100589  |o snkČSB 6169/2013 D1  |i snk2016/16318  |8 0  |0 0  |1 0  |4 0  |d 2016-06-23  |l 0  |r 2026-02-21 21:47:21  |w 2026-02-21 
952 |t č. jar-zima  |a SNK  |b SNK  |y PREZ  |7 0  |p 17A1100586  |o snkČSB 6169/2014  |i snk2016/16336  |8 0  |0 0  |1 0  |4 0  |d 2016-06-24  |l 0  |r 2026-02-21 21:47:31  |w 2026-02-21 
952 |t č. jar-zima  |a SNK  |b SNK  |y PREZ  |7 0  |p 17A1100587  |o snkČSB 6169/2014 D1  |i snk2016/16342  |8 0  |0 0  |1 0  |4 0  |d 2016-06-24  |l 0  |r 2026-02-21 21:47:31  |w 2026-02-21 
952 |t č. jar-zima  |a SNK  |b SNK  |y PREZ  |7 0  |p 17A1100588  |o snkČSB 6169/2015  |i snk2016/16359  |8 0  |0 0  |1 0  |4 0  |d 2016-06-24  |l 0  |r 2026-02-21 21:47:31  |w 2026-02-21 
952 |t č. jar-zima  |a SNK  |b SNK  |y PREZ  |7 0  |p 17A1100612  |o snkČSB 6169/2015 D1  |i snk2016/16366  |8 0  |0 0  |1 0  |4 0  |d 2016-06-24  |l 0  |r 2026-02-21 21:47:32  |w 2026-02-21 
952 |t č. jar-zima  |a SNK  |b SNK  |y PREZ  |7 0  |p 17A1366457  |o snkČSB 6169/16/2016  |i snk2019/11103  |8 0  |0 0  |1 0  |4 0  |d 2019-04-16  |l 0  |r 2026-02-21 21:58:45  |w 2026-02-21 
952 |t č. jar-zima  |a SNK  |b SNK  |y PREZ  |7 0  |p 17A1366458  |o snkČSB 6169/16/2016 D1  |i snk2019/11128  |8 0  |0 0  |1 0  |4 0  |d 2019-04-16  |l 0  |r 2026-02-21 21:58:45  |w 2026-02-21 
952 |t č. jar-zima  |a SNK  |b SNK  |y PREZ  |7 0  |p 17A1366459  |o snkČSB 6169/17/2017  |i snk2019/11133  |8 0  |0 0  |1 0  |4 0  |d 2019-04-16  |l 0  |r 2026-02-21 21:58:49  |w 2026-02-21 
952 |t č. jar-zima  |a SNK  |b SNK  |y PREZ  |7 0  |p 17A1366460  |o snkČSB 6169/17/2017 D1  |i snk2019/11136  |8 0  |0 0  |1 0  |4 0  |d 2019-04-16  |l 0  |r 2026-02-21 21:58:49  |w 2026-02-21 
952 |t č. jar-zima  |a SNK  |b SNK  |y PREZ  |7 0  |p 17A1386153  |o snkČSB 6169/18/2018  |i snk2020/1404  |8 0  |0 0  |1 0  |4 0  |d 2020-01-23  |l 0  |r 2026-02-21 22:22:30  |w 2026-02-21 
952 |t č. jar-zima  |a SNK  |b SNK  |y PREZ  |7 0  |p 17A1386154  |o snkČSB 6169/18/2018 D1  |i snk2020/1405  |8 0  |0 0  |1 0  |4 0  |d 2020-01-23  |l 0  |r 2026-02-21 22:22:30  |w 2026-02-21